Metallurgical engineering,objective type questions and answer (Record no. 568357)
[ view plain ]
| 000 -LEADER | |
|---|---|
| fixed length control field | 00517nam a22001817a 4500 |
| 003 - CONTROL NUMBER IDENTIFIER | |
| control field | CEME |
| 005 - DATE AND TIME OF LATEST TRANSACTION | |
| control field | 20210628202052.0 |
| 008 - FIXED-LENGTH DATA ELEMENTS--GENERAL INFORMATION | |
| fixed length control field | 210113b xxu||||| |||| 00| 0 eng d |
| 020 ## - INTERNATIONAL STANDARD BOOK NUMBER | |
| International Standard Book Number | 8174091025 |
| 040 ## - CATALOGING SOURCE | |
| Transcribing agency | . |
| 082 ## - DEWEY DECIMAL CLASSIFICATION NUMBER | |
| Classification number | 669 GUP |
| 100 ## - MAIN ENTRY--PERSONAL NAME | |
| Personal name | Gupta, O.P |
| 9 (RLIN) | 40512 |
| 245 ## - TITLE STATEMENT | |
| Title | Metallurgical engineering,objective type questions and answer |
| 260 ## - PUBLICATION, DISTRIBUTION, ETC. | |
| Place of publication, distribution, etc. | DELHI |
| Name of publisher, distributor, etc. | KHANNA PUBLISHERS |
| Date of publication, distribution, etc. | 2003 |
| 300 ## - PHYSICAL DESCRIPTION | |
| Extent | 992P |
| 650 ## - SUBJECT ADDED ENTRY--TOPICAL TERM | |
| Topical term or geographic name entry element | METALLURGICAL ENGINEERING - OBJECTIVE TYPE QUESTIONS AND ANSWER. |
| 9 (RLIN) | 58143 |
| 942 ## - ADDED ENTRY ELEMENTS (KOHA) | |
| Koha item type | Book |
| Source of classification or shelving scheme | |
| Withdrawn status | Lost status | Damaged status | Not for loan | Permanent Location | Current Location | Shelving location | Date acquired | Total Checkouts | Full call number | Barcode | Date last seen | Price effective from | Koha item type |
|---|---|---|---|---|---|---|---|---|---|---|---|---|---|
| College of Electrical & Mechanical Engineering (CEME) | College of Electrical & Mechanical Engineering (CEME) | General Stacks | 03/15/2017 | 669 GUP | CEME-47702 | 06/28/2021 | 06/28/2021 | Book |
